00760 a2200205 4500003000500000005001700005040000900022082001000031100003000041245007900071260004100150300001500191505016300206538002900369650001400398651001200412942000800424999001900432952010300451Nust20170207153547.0 cNust a005.1 aRiaz, Farina (MSCS-15) aActor repositioning in wireless sensor and actor networkscFarina Riaz,  bMCS,NUSTcSeptember 2010aRawalpindi aix, 67, p; aIntroduction (page-1) Background and related work (page-5) Methodology (page-21) Experimental setup and results (page-36) Limitations and conclusion (page-63) aAlmirah No 69 Shelf No 5 aPG Thesis aMSCS-15 cTHS c188693d188693 00102ddc40708NFICaMCSbMCSd2016-12-12l0o005.1 RIApMCSTCS-127r2016-12-08w2016-12-12yBK